Essentials of precalculus with calculus previews / (رقم التسجيلة. 31354)
[ عرض عادي ]
| 000 -الفاتح | |
|---|---|
| حقل البيانات ثابتة الطول | 01126cam a22002774a 4500 |
| 001 - رقم الضبط | |
| رقم الضبط | 16473330 |
| 003 - محدد رقم الضبط | |
| رقم الضبط | OSt |
| 005 - وقت وتاريخ اخر تعامل مع التسجيلة | |
| رقم الضبط | 20150408114143.0 |
| 008 - عناصر البيانات ثابتة الطول - معلومات عامة | |
| حقل البيانات ثابتة الطول | 131020s2012 maua b 001 0 eng |
| 010 ## - رقم ضبط مكتبة الكونجرس | |
| رقم ضبط مكتبة الكونجرس | 2010037006 |
| 020 ## - الرقم الدولى المعيارى للكتب | |
| الرقم الدولى المعيارى للكتاب | 9781449614973 (casebound) |
| 040 ## - مصدر الفهرسة | |
| وكالة الفهرسة الأصلية | DLC |
| وكالة النسخ | DLC |
| وكالة التعديل | DLC |
| 082 00 - رقم تصنيف ديوى العشرى | |
| رقم التصنيف | 512.1 |
| رقم الطبعة | 22 |
| رقم المادة | ZDE |
| 100 1# - المدخل الرئيسى - إسم شخصى | |
| الإسم الشخصى | Zill, Dennis G., |
| التواريخ المصاحبة للاسم | 1940- |
| 9 (RLIN) | 38055 |
| 245 10 - بيان العنوان | |
| العنوان | Essentials of precalculus with calculus previews / |
| بيان المسئوليه,etc | Dennis G. Zill, Jacqueline M. Dewar. |
| 250 ## - بيان الطبعة | |
| بيان الطبعة | 5th ed. |
| 260 ## - PUBLICATION, DISTRIBUTION, ETC. (IMPRINT) | |
| مكان الناشر او الموزع | Sudbury, MA : |
| اسم الناشر او الموزع | Jones & Bartlett Learning, |
| تاريخ النشر أو التوزيع | c2012. |
| 300 ## - الوصف المادى | |
| التعداد | xix, 393 p. : |
| تفاصيل ماديه اخرى للوعاء | col. ill. ; |
| أبعاد الوعاء | 29 cm. |
| 504 ## - تبصرة ببليوجرافية | |
| تبصرة ببليوجرافية,الخ | Includes bibliographical references and index. |
| 505 0# - تبصرة محتويات-الفهرس | |
| تبصرة المحتويات المصاغة | Inequalities, functions, and graphs -- Functions -- Polynomial and rational functions -- Trigonometric functions -- Exponential and logarithmic functions -- Conic sections. |
| 650 #0 - المدخل الاضافى بالموضوع-مصطلح موضوعى | |
| مصطلح موضوعي أو اسم جغرافي كعنصر مدخل | Precalculus. |
| 9 (RLIN) | 18790 |
| 700 1# - المدخل الاضافى - اسم شخصى | |
| الإسم الشخصى | Dewar, Jacqueline M. |
| 9 (RLIN) | 38056 |
| 906 ## - عنصر بيانات محلى F, LDF (RLIN) | |
| a | 7 |
| b | cbc |
| c | orignew |
| d | 1 |
| e | ecip |
| f | 20 |
| g | y-gencatlg |
| 942 ## - عناصر المدخل الإضافي( كوها) | |
| مصدر التصنيف او مخطط الترفيف | Dewey Decimal Classification |
| Koha [default] item type | كتاب |
| حالة الفقد | نموذج السعر الفعال | حالة تلف | ليس للاعارة | رقم الطلب | رقم النسخة | تاريخ الاكتساب | الموقع الحالي | الباركود | الفرع الرئيسي | Date last seen | نوع المادة فى نظام كوها | مصدر التصنيف او خطة الترفيف | Total Checkouts |
|---|---|---|---|---|---|---|---|---|---|---|---|---|---|
| 2013-10-20 | Not For Loan | 512.1 ZDE | 1 | 2013-10-20 | المكتبة المركزية بالمجمعة (CL) | 00206931 | المكتبة المركزية بالمجمعة (CL) | 2013-10-20 | كتاب | Dewey Decimal Classification | |||
| 2013-10-20 | 512.1 ZDE | 2 | 2013-10-20 | المكتبة المركزية بالمجمعة (CL) | 00206930 | المكتبة المركزية بالمجمعة (CL) | 2013-10-20 | كتاب | Dewey Decimal Classification | ||||
| 2013-10-20 | 512.1 ZDE | 3 | 2013-10-20 | المكتبة المركزية بالمجمعة (CL) | 00206929 | المكتبة المركزية بالمجمعة (CL) | 2013-10-20 | كتاب | Dewey Decimal Classification | ||||
| 2013-10-20 | Not For Loan | 512.1 ZDE | 1 | 2013-10-20 | مكتبة مجمع الكليات بالزلفى - طلاب (SZM) | 00206830 | مكتبة مجمع الكليات بالزلفى - طلاب (SZM) | 2013-10-20 | كتاب | Dewey Decimal Classification |
